Statystyki dla Nazwij pasujące państwo #5

Kliknij tutaj aby rozwiązać quiz!

Ogólne statystyki

  • Ten quiz został rozwiązany 28 449 razy
    (28 448 od ostatniego zresetowania)
  • Średni wynik to 12 z 20

Statystyki odpowiedzi

Nazwij państwo...Państwo% Poprawnych
które wygrało mundial:Argentyna | Brazylia | Francja | Niemcy | Włochy | Hiszpania | Urugwaj
98%
które graniczy z Tunezją:Algieria | Libia
88%
leżące w Afryce, w którym żyje więcej niż 100 milionów ludzi:Demokratyczna Republika Konga | Egipt | Etiopia | Nigeria
85%
którego nazwa zaczyna się na literę, na którą nie zaczyna się nazwa żadnego innego państwa:Łotwa | Oman | Vanuatu
81%
leżące w Ameryce, lecz nie nad Atlantykiem:Boliwia | Chile | Ekwador | Salwador | Paragwaj | Peru
73%
których regiony są znane jako "obwody":Białoruś | Bułgaria | Kazachstan | Kirgistan | Rosja | Ukraina
72%
którego flaga jest co najmniej w ⅔ zielona:Bangladesz | Brazylia | Nigeria | Pakistan | Arabia Saudyjska | Turkmenistan | Zambia
71%
które ma literę "q" w swojej angielskiej nazwie:Irak | Katar | Gwinea Równikowa | Mozambik
70%
leżące na co najmniej 5 z 6 kontynentów:Francja | Wielka Brytania
69%
które ma rekordową zanotowaną temperaturę większą niż 52 °C:Iran | Irak | Kuwejt | Meksyk | Pakistan | Arabia Saudyjska | Stany Zjednoczone
67%
większe pod względem powierzchni, lecz w którym żyje mniej osób niż w Algierii:Australia | Kanada | Kazachstan
63%
które zamieszkuje ponad 80 milionów ludzi, lecz nie posiadające restauracji McDonald's:Bangladesz | Demokratyczna Republika Konga | Etiopia | Iran | Nigeria | Rosja
51%
które ma zalesienie na mniejszym poziomie niż 0.1% (wyłączając Watykan):Katar | Egipt | Oman
51%
którego stolica leży na wysokości co najmniej 2000m.n.p.m.:Bhutan | Boliwia | Kolumbia | Ekwador | Erytrea | Etiopia | Meksyk | Jemen
49%
które poluje na wieloryby:Dania | Islandia | Japonia | Norwegia | Kanada | Korea Południowa | Rosja | Stany Zjednoczone
46%
które ma więcej koni niż ludzi:Mongolia
45%
które produkuje więcej niż 2 000 ton srebra rocznie:Chiny | Meksyk | Peru
41%
które jest monarchią leżącą w Afryce:Eswatini | Lesotho | Maroko
37%
którego stolica zmieniła się od 1991 roku:Burundi | Kazachstan | Mjanma | Nigeria | Palau | Tanzania
32%
które leży w Małych Antylach:Antigua i Barbuda | Barbados | Dominika | Grenada | Saint Kitts i Nevis | Saint Lucia | Saint Vincent i Grenadyny | Trynidad i Tobago
25%

Rozkład punktacji

Percentyl według liczby udzielonych odpowiedzi

Procent ludzi z każdym wynikiem

Twoja historia wyników

Nie rozwiązałeś tego quizu od ostatniego zresetowania